Evaluación social de proyectos

Saved in:
Bibliografiske detaljer
Hovedforfatter: Fontaine, Ernesto R (Author)
Format: Bog
Sprog:spansk
Udgivet: Santiago Ediciones Universidad Católica de Chile 1997
Udgivelse:11a. ed
Serier:Colección Lecciones
Fag:
Tags: Tilføj Tag
Ingen Tags, Vær først til at tagge denne postø!

MARC

LEADER 00000nam a2200000 a 4500
001 UCP3865
003 CL-VaPUC
008 990709e19970000CL |||||||||||||||||spa|d
082 0 4 |a 338.9  |b FON  |2 21 
100 0 |a Fontaine, Ernesto R  |e author  |9 431247 
245 1 0 |a Evaluación social de proyectos 
250 |a 11a. ed 
300 |a 466 p 
942 |c BK 
945 |d 19990709 00:00:00  |a rbrito 
260 |a Santiago  |b Ediciones Universidad Católica de Chile  |c 1997 
650 0 |a Evaluación de proyectos   |9 259341 
650 0 |a Inversiones  |9 261520 
650 7 |a EVALUACION DE PROYECTOS INDUSTRIALES  |2 CL-VaPUC  |9 431248 
583 |a last modification  |c 19990709 00:00:00  |k Rodrigo Vera 
490 0 |a Colección Lecciones 
999 |c 282015  |d 282013 
952 |0 0  |1 0  |2 ddc  |4 0  |6 338_900000000000000_FON_1997  |7 0  |8 A  |9 323222  |a BIBING  |b BIBING  |c RES  |d 2019-11-20  |i 3648745  |o 338.9 FON 1997  |p 3648745  |r 2025-01-20  |w 2019-11-20  |y BK  |k TRA 
952 |0 0  |1 0  |4 0  |6 338_900000000000000_FON_1997  |7 0  |8 A  |9 323224  |a BIBENE  |b BIBENE  |d 2019-11-20  |i 3644871  |o 338.9 FON 1997  |p 3644871  |r 2025-01-15  |w 2019-11-20  |y BK  |k ICO 
952 |0 0  |1 0  |4 0  |6 338_900000000000000_FON_1997  |7 0  |8 A  |9 323225  |a BIBENE  |b BIBENE  |d 2019-11-20  |i 364488K  |o 338.9 FON 1997  |p 364488K  |r 2025-01-15  |w 2019-11-20  |y BK  |k ICO 
952 |0 0  |1 0  |4 0  |6 338_900000000000000_FON_1997  |7 0  |8 A  |9 323226  |a BIBENE  |b BIBENE  |d 2019-11-20  |i 3644898  |l 5  |o 338.9 FON 1997  |p 3644898  |r 2025-01-30  |s 2025-01-30  |w 2019-11-20  |y BK  |k ICO 
952 |0 0  |1 0  |4 0  |6 338_900000000000000_FON_1997  |7 0  |8 CCM  |9 323227  |a BIBCUR  |b BIBCUR  |d 2019-11-20  |i 378309K  |o 338.9 FON 1997  |p 378309K  |r 2025-04-22  |w 2019-11-20  |y BK  |k CIM